Largest Colorado Cities not in Denver Metro Quiz Stats

 Plays Quiz not verified by Sporcle

Score 0/14 Timer 03:00
0 Plays Today
Population City % Correct
431,834Colorado Springs
98.3%
148,612Fort Collins
93.4%
101,808Boulder
89.8%
107,772Pueblo
89.6%
59,899Grand Junction
84%
95,357Greeley
72.3%
17,216Durango
63%
Population City % Correct
70,223Loveland
59.6%
88,669Longmont
53.4%
18,981Montrose
30.4%
26,891Fountain
20%
19,074Louisville
17.4%
25,733Lafayette
15.1%
19,576Evans
12.1%

You're not logged in!

Compare scores with friends on all Sporcle quizzes.
OR
Log In

Show Comments

Extras

Top Quizzes Today


Score Distribution

Your Account Isn't Verified!

In order to create a playlist on Sporcle, you need to verify the email address you used during registration. Go to your Sporcle Settings to finish the process.

Report this User

Report this user for behavior that violates our Community Guidelines.

Details: